000 00722nam a2200289Ia 4500
005 20260324150937.0
008 008 260324s9999 xx 000 0 eng d
020 _a9781315815329
037 _aEBOOK
040 _aCRL
040 _beng
040 _cCRL
041 _2eng
041 _aeng
084 _qCRL
100 _aL. V. Birck
_91192774
245 4 _aThe Scourge of Europe (Routledge Revivals)
245 4 _bThe Public Debt Described, Explained, and Historically Depicted
260 _bTaylor and Francis
260 _c1926
365 _a
365 _b290
856 _uhttp://www.taylorfrancis.com/books/9781315815329
942 _cEBOOK
999 _c1838477
_d1838477